Normal view
MARC view
- سوريا- تاريخ- عصر حديث 1918-1920 ، سوريا- احوال سياسية
Entry Topical Term
001 - CONTROL NUMBER
- control field: 8867
003 - CONTROL NUMBER IDENTIFIER
- control field: JO-AjAnu
005 - DATE AND TIME OF LATEST TRANSACTION
- control field: 20230606071728.0
008 - FIXED-LENGTH DATA ELEMENTS
- fixed length control field: 230606|| aca||aabn | a|a d
040 ## - CATALOGING SOURCE
- Original cataloging agency: JO-AjAnu
- Transcribing agency: JO-AjAnu
150 ## - HEADING--TOPICAL TERM
- Topical term or geographic name entry element: سوريا- تاريخ- عصر حديث 1918-1920 ، سوريا- احوال سياسية
670 ## - SOURCE DATA FOUND
- Source citation: Work cat.: (JO-AjAnu)4575: الأرناؤط، محمد م, author 8866, دراسات حول الحكومة/ الدولة العربية في دمشق 1918-1920 م